Dekódovanie QC-MDPC kódov

Guardado en:
Detalles Bibliográficos
Autor principal: Baraniak, Tomáš (Autor)
Otros Autores: Fabšič, Tomáš (Orientador)
Formato: Manuscrito Libro
Lenguaje:eslovaco
Publicado: 2019
Materias:
Acceso en línea:http://is.stuba.sk/zp/portal_zp.pl?podrobnosti=144422
Etiquetas: Agregar Etiqueta
Sin Etiquetas, Sea el primero en etiquetar este registro!

MARC

LEADER 00000ntm a22000003a 4500
001 stuzp71512
003 SK-STU
005 20190823091850.7
007 ta
008 150427s2015----xo-----f-mn---000-0-slo-d
040 |a STU  |b slo 
041 0 |a slo 
044 |a xo 
100 1 |a Baraniak, Tomáš  |u 035000  |k Z4  |4 aut  |U FEI Fakulta elektrotechniky a informatiky  |T FEI Ústav informatiky a matematiky  |X 74598  |U E050  |Y 816  |7 74598 
242 0 1 |a Decoding of QC-MDPC codes  |y eng 
245 1 0 |a Dekódovanie QC-MDPC kódov 
260 |c 2019 
300 |a 53 s.,  |b CD-ROM 
650 4 |a QC-MDPC kódy  |2 slo 
650 4 |a McEliecov kryptosystém  |2 slo 
650 4 |a post-kvantová kryptografia  |2 slo 
650 4 |a teória kódovania  |2 slo 
650 4 |a dekódovacie algoritmy  |2 slo 
650 4 |a coding theory  |2 eng 
650 4 |a QC-MDPC codes  |2 eng 
650 4 |a McEliece cryptosystem  |2 eng 
650 4 |a post-quantum cryptography  |2 eng 
650 4 |a decoding algorithms  |2 eng 
700 1 |a Fabšič, Tomáš  |u 035000  |k Z1  |4 ths  |U FEI Fakulta elektrotechniky a informatiky  |T FEI Ústav informatiky a matematiky  |X 63826  |U E050  |Y 816  |7 63826 
856 4 |u http://is.stuba.sk/zp/portal_zp.pl?podrobnosti=144422 
996 |b 284EP12305  |c E*DIPL- 12305  |l EE35  |s P  |a 0  |w stuzp71512_0001